Alle deutschen Städte mit P - Statistiken

Allgemein
  • Dieses Quiz wurde 1.509 mal gespielt
  • Das Durchschnittsergebnis liegt bei 26 aus 60
Antwortstatistiken
Einwohner Stadt BL % Korrekt
182.112 Potsdam BB
97%
151.864 Paderborn NW
92%
126.016 Pforzheim BW
91%
52.415 Passau BY
85%
6.055 Plau am See MV
85%
2.007 Plaue TH
84%
64.014 Plauen SN
83%
50.249 Peine NI
82%
43.503 Pinneberg SH
81%
40.176 Pirmasens RP
77%
38.284 Pirna SN
77%
8.987 Plön SH
69%
26.272 Pfaffenhofen an der Ilm BY
66%
37.551 Papenburg NI
63%
54.636 Pulheim NW
62%
17.622 Parchim MV
61%
9.948 Pasewalk MV
55%
25.029 Pfungstadt HE
55%
18.849 Prenzlau BB
53%
25.045 Petershagen NW
52%
35.734 Porta Westfalica NW
51%
11.870 Pritzwalk BB
50%
12.035 Perleberg BB
49%
24.978 Plettenberg NW
46%
15.958 Preetz SH
43%
18.778 Pfullingen BW
42%
13.271 Pegnitz BY
41%
13.472 Pfullendorf BW
41%
5.529 Prüm RP
41%
11.697 Pößneck TH
36%
4.487 Putbus MV
36%
16.510 Penzberg BY
35%
14.625 Pattensen NI
34%
13.005 Pfarrkirchen BY
34%
14.490 Plochingen BW
34%
18.049 Pohlheim HE
34%
12.948 Plattling BY
33%
16.186 Pocking BY
32%
13.723 Philippsburg BW
31%
12.236 Preußisch Oldendorf NW
31%
18.318 Püttlingen SL
30%
21.235 Puchheim BY
28%
8.624 Penig SN
22%
5.183 Pottenstein BY
22%
4.175 Penzlin MV
21%
6.866 Polch RP
21%
6.504 Pegau SN
20%
3.924 Pappenheim BY
19%
1.765 Penkun MV
18%
5.301 Pfreimd BY
18%
3.057 Prichsenstadt BY
15%
7.272 Parsberg BY
14%
4.372 Peitz BB
14%
7.433 Pulsnitz SN
14%
2.654 Putlitz BB
14%
8.368 Premnitz BB
12%
4.845 Pausa-Mühltroff SN
11%
2.327 Pleystein BY
10%
7.472 Pockau-Lengefeld SN
9%
4.263 Pressath BY
8%
Keine übereinstimmenden Quizze gefunden
Verteilung der Resultate
Anzahl Personen mit jedem Resultat
Perzentil nach korrekt beantworteten Fragen
Ihre Resultats-Entwicklung
Sie haben dieses Quiz noch nicht gespielt